Biggest Cities in Nevada in 1950 - Statistics

General Stats
  • This quiz has been taken 70 times
  • The average score is 8 of 15
Answer Stats
Population County Answer % Correct
24,624 Clark Las Vegas
100%
32,407 Washoe Reno
100%
3,082 Ormsby Carson City
98%
3,875 Clark North Las Vegas
89%
8,203 Washoe Sparks
76%
5,393 Elko Elko
75%
2,847 Humboldt Winnemucca
65%
3,558 White Pine Ely
60%
2,400 Churchill Fallon
36%
1,203 Elko Carlin
27%
970 Lincoln Caliente
25%
947 Elko Wells
25%
1,604 Pershing Lovelock
22%
1,157 Lyon Yerington
18%
1,861 Mineral Hawthorne
13%
No matching quizzes found
Score Distribution
Percent of People with Each Score
Percentile by Number Answered
Your Score History
You have not taken this quiz